The double horror of fenley place / (Record no. 3860)

MARC details
000 -LEADER
fixed length control field 01337nam a22002537a 4500
001 - CONTROL NUMBER
control field 3860
003 - CONTROL NUMBER IDENTIFIER
control field FISKH
005 - DATE AND TIME OF LATEST TRANSACTION
control field 20240521090245.0
008 - FIXED-LENGTH DATA ELEMENTS--GENERAL INFORMATION
fixed length control field 240520b cb ||||| |||| 00| 0 eng d
040 ## - CATALOGING SOURCE
Original cataloging agency FISK
Language of cataloging eng
Transcribing agency FISK
Modifying agency FISK
050 ## - LIBRARY OF CONGRESS CALL NUMBER
Classification number PS3521.E27
082 ## - DEWEY DECIMAL CLASSIFICATION NUMBER
Classification number 813.5
100 ## - MAIN ENTRY--PERSONAL NAME
Personal name Keene Carolyn
Dates associated with a name 1905-2002
245 ## - TITLE STATEMENT
Title The double horror of fenley place /
Statement of responsibility, etc. Carolyn Keene
260 ## - PUBLICATION, DISTRIBUTION, ETC.
Place of publication, distribution, etc. New York :
Name of publisher, distributor, etc. Minstrel Books,
Date of publication, distribution, etc. 1987
300 ## - PHYSICAL DESCRIPTION
Extent 158 pages :
Dimensions 20 cm
490 ## - SERIES STATEMENT
Volume/sequential designation 79 number
Series statement Nancy drew
505 ## - FORMATTED CONTENTS NOTE
Formatted contents note K
520 ## - SUMMARY, ETC.
Summary, etc. Nancy visits a movie set and finds terror on location! World-famous director Hank Steinberg is filming a horror flick in Nancy's hometown of River Heights. The movie tells a spine-tingling story about a haunted house. Most shocking of all, though, is what's going on across the street at an old Victorian mansion called Fenley Place. Whatever happens on the movie set is mysteriously duplicated in the mansion: red smoke billows from the chimney, a ghostly figure appears in the window, and blood oozes from the walls. The special effects are a real scream, but Nancy must find out who is behind them before the movie -- and the mansion -- reach the final, horrifying climax!
521 8# - TARGET AUDIENCE NOTE
Target audience note 620
Source Lexile estimates,
700 ## - ADDED ENTRY--PERSONAL NAME
Personal name Carolyn Keene
942 ## - ADDED ENTRY ELEMENTS (KOHA)
Source of classification or shelving scheme Dewey Decimal Classification
Koha item type Books
Suppress in OPAC No
Holdings
Withdrawn status Lost status Source of classification or shelving scheme Damaged status Not for loan Collection Home library Current library Shelving location Date acquired Total Checkouts Full call number Barcode Date last seen Copy number Price effective from Koha item type
    Dewey Decimal Classification     Fiction Footprints International School Library Network Toul Kork Campus Footprints International School Library Network Toul Kork Campus   05/20/2024   KEE PS3521.E27 813.5 2024-0640 05/20/2024 1 05/20/2024 Books